The Republic of Vietnam, 1955-1975 : Vietnamese Perspectives on Nation Building /
"Presents a collection of translated first-hand accounts of South Vietnamese military and civilian officials and prominent civilians who helped build the Republic of Vietnam"--
| Otros Autores: | , |
|---|---|
| Formato: | Electrónico eBook |
| Idioma: | Inglés Vietnamese |
| Publicado: |
Ithaca :
Southeast Asia Program Publications, an imprint of Cornell University Press,
2019.
|
| Colección: | Book collections on Project MUSE.
|
| Temas: | |
| Acceso en línea: | Texto completo |
MARC
| LEADER | 00000cam a22000004a 4500 | ||
|---|---|---|---|
| 001 | musev2_71957 | ||
| 003 | MdBmJHUP | ||
| 005 | 20230905051419.0 | ||
| 006 | m o d | ||
| 007 | cr||||||||nn|n | ||
| 008 | 190320t20192019nyu o 00 0 eng d | ||
| 010 | |z 2019013608 | ||
| 020 | |a 9781501745140 | ||
| 020 | |z 9781501745157 | ||
| 020 | |z 9781501745133 | ||
| 020 | |z 9781501745126 | ||
| 035 | |a (OCoLC)1090707513 | ||
| 040 | |a MdBmJHUP |c MdBmJHUP | ||
| 041 | 1 | |a eng |h vie | |
| 245 | 0 | 4 | |a The Republic of Vietnam, 1955-1975 : |b Vietnamese Perspectives on Nation Building / |c edited by Tuong Vu and Sean Fear. |
| 264 | 1 | |a Ithaca : |b Southeast Asia Program Publications, an imprint of Cornell University Press, |c 2019. | |
| 264 | 3 | |a Baltimore, Md. : |b Project MUSE, |c 2020 | |
| 264 | 4 | |c ©2019. | |
| 300 | |a 1 online resource (210 pages). | ||
| 336 | |a text |b txt |2 rdacontent | ||
| 337 | |a computer |b c |2 rdamedia | ||
| 338 | |a online resource |b cr |2 rdacarrier | ||
| 505 | 0 | |a Coping with changes and war, building foundation for growth -- The birth of central banking, 1955-1956 -- Reform or collapse : economic challenges during Vietnamization -- Land reform and agricultural development, 1968-1975 -- Striving for a lasting peace : the Paris Accords and aftermath -- Public security and the national police -- Reflections of a frontline soldier -- The philosophies and development of a free education -- Personal reflections on the educational system -- Life and work of a journalist -- The Vietnam War in the eyes of a Vietnamese war correspondent -- Song Than's campaign for press freedom -- Writers of the Republic of Vietnam -- The cinema industry -- The neglect of the Republic of Vietnam in the American historical memory -- Political, military, and cultural memoirs in Vietnamese. | |
| 520 | |a "Presents a collection of translated first-hand accounts of South Vietnamese military and civilian officials and prominent civilians who helped build the Republic of Vietnam"-- |c Provided by publisher. | ||
| 588 | |a Description based on print version record. | ||
| 651 | 7 | |a Südvietnam |2 gnd | |
| 651 | 7 | |a Vietnam (Republic) |2 fast |0 (OCoLC)fst01274298 | |
| 651 | 0 | |a Vietnam (Republic) |x Civilization. | |
| 651 | 0 | |a Vietnam (Republic) |x Politics and government. | |
| 650 | 7 | |a Nationenbildung |2 gnd | |
| 650 | 7 | |a Politics and government. |2 fast |0 (OCoLC)fst01919741 | |
| 650 | 7 | |a Civilization. |2 fast |0 (OCoLC)fst00862898 | |
| 650 | 7 | |a HISTORY / Asia / Southeast Asia |2 bisacsh | |
| 655 | 7 | |a Electronic books. |2 local | |
| 700 | 1 | |a Fear, Sean, |d 1984- |e editor. | |
| 700 | 1 | |a Vu, Tuong, |d 1965- |e editor. | |
| 710 | 2 | |a Project Muse. |e distributor | |
| 830 | 0 | |a Book collections on Project MUSE. | |
| 856 | 4 | 0 | |z Texto completo |u https://projectmuse.uam.elogim.com/book/71957/ |
| 945 | |a Project MUSE - Custom Collection | ||
| 945 | |a Project MUSE - 2020 Complete | ||
| 945 | |a Project MUSE - 2020 History | ||
| 945 | |a Project MUSE - 2020 Asian and Pacific Studies | ||


